| 000 | 00901nam a2200265 i 4500 | ||
|---|---|---|---|
| 001 | 66849 | ||
| 003 | ES-MaACL | ||
| 005 | 20250804062735.0 | ||
| 007 | t| | ||
| 008 | 030612s2003 sp |||| |dspa d | ||
| 020 | _a84-8164-597-4 | ||
| 080 | _a929 Rivera Cruchaga, Jorge Eduardo | ||
| 080 | _a1(082.2) | ||
| 245 | 0 | 3 |
_aLa filosofía como pasión _b: homenaje a Jorge Eduardo Rivera Cruchaga en su 75 cumpleaños / _cedición de Patricio Brickle. |
| 260 |
_aMadrid : _bTrotta, _c[2003] |
||
| 300 |
_a391 p. : _bil. ; _c23 cm. |
||
| 490 | 1 | _aEstructuras y procesos. Filosofía | |
| 600 | 1 | 4 |
_aRivera, Jorge Eduardo- _vHomenajes. _997617 |
| 650 | 7 |
_aFilosofía _2embne _912802 |
|
| 700 | 1 |
_aBrickle, Patricio. _931692 |
|
| 700 | 1 |
_aRivera, Jorge Eduardo. _9168343 |
|
| 830 | 1 | 0 |
_aEstructuras y procesos. _pFilosofía _9183056 |
| 852 |
_aES-MaACL _jL-27314 |
||
| 999 |
_c66849 _d66849 |
||